ARRUPE JESUIT UNIVERSITY

CORONAVIRUS -STOP THE SPREAD - CLEAN,DISINFECT,COVER
Normal view MARC view

Entry Corporate Name

Number of records used in: 1

001 - CONTROL NUMBER

  • control field: 28719

003 - CONTROL NUMBER IDENTIFIER

  • control field: ARRUPE

005 - DATE AND TIME OF LATEST TRANSACTION

  • control field: 20170209113041.0

008 - FIXED-LENGTH DATA ELEMENTS

  • fixed length control field: 170209|| aca||aabn | a|a d

040 ## - CATALOGING SOURCE

  • Original cataloging agency: ARRUPE
  • Transcribing agency: ARRUPE

110 ## - HEADING--CORPORATE NAME

  • Corporate name or jurisdiction name as entry element: Walker, Nicholas
  • Relator term: tr.

670 ## - SOURCE DATA FOUND

  • Source citation: Work cat.: (ARRUPE)126037: Gadamer, Hans-Georg, 1900-2002. 28561, The relevance of the beautiful and other essays /, 1986.

 

Arrupe Library. PO Box MP320 Mt Pleasant, Harare, Zimbabwe
263 242 745411|librarian@aju.ac.zw